000 00493nam a2200181Ia 4500
005 20250326141323.0
008 250326s9999 xx 000 0 und d
037 _aTextbook
040 _aFMSL
_beng
_cFMSL
041 _aeng
_2eng
084 _qFMSL
100 _aHuczynski AA
_9744162
245 0 _aManagement curus : What makes them and how to become one.
_cHuczynski AA
260 _aLondon
_bLondon, Routledge
_c1993
300 _a331p
942 _cTB
999 _c1289759
_d1289759